Central Library OPAC University of Rajshahi

Neutron diffraction / (Record no. 71128)

MARC details
000 -LEADER
fixed length control field 00802nam a2200253 a 4500
001 - CONTROL NUMBER
control field 71128
003 - CONTROL NUMBER IDENTIFIER
rucl marc code BD-RjUL
005 - DATE AND TIME OF LATEST TRANSACTION
control field 20211209082100.0
008 - FIXED-LENGTH DATA ELEMENTS--GENERAL INFORMATION
fixed length control field 170426s1955 enka 001 0 eng d
035 ## - SYSTEM CONTROL NUMBER
System control number (BD-RjUL)71343
040 ## - CATALOGING SOURCE
Original cataloging agency CarP
Language of cataloging eng
Transcribing agency BD-RjUL
041 ## - LANGUAGE CODE
Language code of text/sound track or separate title eng
082 ## - DEWEY DECIMAL CLASSIFICATION NUMBER
Edition number 23
Classification number 539.7213
Author mark and year BAN 1955
100 1# - MAIN ENTRY--PERSONAL NAME
Personal name Bacon, G. E.
Fuller form of name (George Edward),
Dates associated with a name 1917-
9 (RLIN) 210445
245 10 - TITLE STATEMENT
Title Neutron diffraction /
Statement of responsibility, etc. by G.E. Bacon
260 ## - PUBLICATION, DISTRIBUTION, ETC. (IMPRINT)
Place of publication, distribution, etc. Oxford :
Name of publisher, distributor, etc. Clarendon Press,
Date of publication, distribution, etc. 1955
300 ## - PHYSICAL DESCRIPTION
Pagination ix, 299 p :
Illustrations ill. ;
Size 23 cm.
490 ## - SERIES STATEMENT
Series statement Monographs on the physics and chemistry of materials
500 ## - GENERAL NOTE
General note Includes Indexes
650 #0 - SUBJECT ADDED ENTRY--TOPICAL TERM
Topical term or geographic name as entry element Neutrons
General subdivision Diffraction
9 (RLIN) 210446
Topical term or geographic name as entry element Neutrons
General subdivision Scattering
9 (RLIN) 210447
830 #0 - SERIES ADDED ENTRY--UNIFORM TITLE
Uniform title Monographs on the physics and chemistry of materials
942 ## - ADDED ENTRY ELEMENTS (KOHA)
Source of classification or shelving scheme Dewey Decimal Classification
Koha item type Books
Holdings
Lost status Source of classification or shelving scheme Damaged status Not for loan Collection code Permanent Location Current Location Shelving location Date acquired Source of acquisition Cost, normal purchase price Total Checkouts Full call number Date last seen Copy number Koha item type
  Dewey Decimal Classification   Not For Loan Non-fiction Central Library, University of Rajshahi Central Library, University of Rajshahi Reading Room 24/11/1958 Colombo plan 0.00   539.7213 BAN 1955 26/04/2017 C-1 Books